00289 a2200133 450000100060000002000150000604000240002110000180004524000240006324500190008730000090010636200090011565000310012471022 a8504008886 cAnchieta - Itaigara aPossolo, Hugo10aO bricabraquelpor10aO bricabraque a32p.0 a2005 4aLiteratura infanto-juvenil